00515nam a2200169Ia 450000500170000000800410001702000150005808200130007310000160008624500470010226000450014930000170019465000180021194200060022995200950023599900150033020241023034750.0240331s9999 xx 000 0 und d a9558095737 bABEa823 aAbesekara,T 0aIn my kingdom of the sun and the holy peak aColombobVijitha Yapa Publicationsc2004 axi, 200 p ., aShort Stories cL 001040708LaWERCLbWERCLcSSCd2024-03-31l0o 823 ABEp6612r2024-03-31w2024-03-31yL c5379d5379